000 00846cab a2200265 4500
001 ABS55258
008 090401t1996 xxu||||| |||| 00| 0 eng d
035 _a(Sirsi) u15226
041 _aeng
100 _aCole, M.
245 _aPrivates on parade
260 _c1996
350 _a0
490 _aConstruction News
_v(6464) 9 May 1996, 23(1)
520 _aPresents views of the chairman of Road Link, winner of the Highways Agency`s first road programme let under the government`s Private Finance Initiative. Talks about the consortium and its expertise.
650 _aDBFO SCHEMES
650 _aJOINT VENTURE
650 _aPRIVATE FINANCE INITIATIVE
650 _aROAD LINK
650 _aROADBUILDING INDUSTRY
650 _aROADBUILDING PROJECTS
690 _aTRANSPORT AND COMMUNICATIONS
942 _n0
948 _c04/03/1997
999 _c9961
_d9961